Immunoelectrophoretic changes in Lyell syndrome [case report]. /

Elmentve itt :
Bibliográfiai részletek
Szerzők: Husz Sándor
Berkó G.
Schneider Imre
Simon N.
Dokumentumtípus: Cikk
Megjelent: 1974
Sorozat:INTERNATIONAL JOURNAL OF DERMATOLOGY 13 No. 4
Tárgyszavak:
doi:10.1111/j.1365-4362.1974.tb01794.x

mtmt:2022070
Online Access:http://publicatio.bibl.u-szeged.hu/33913
LEADER 00827nab a2200241 i 4500
001 publ33913
005 20250610150724.0
008 250610s1974 hu o 000 eng d
022 |a 0011-9059; 1365-4632 
024 7 |a 10.1111/j.1365-4362.1974.tb01794.x  |2 doi 
024 7 |a 2022070  |2 mtmt 
040 |a SZTE Publicatio Repozitórium  |b hun 
041 |a eng 
100 1 |a Husz Sándor 
245 1 0 |a Immunoelectrophoretic changes in Lyell syndrome   |h [elektronikus dokumentum] :  |b [case report]. /  |c  Husz Sándor 
260 |c 1974 
300 |a 205-209 
490 0 |a INTERNATIONAL JOURNAL OF DERMATOLOGY  |v 13 No. 4 
650 4 |a Klinikai orvostan 
700 0 1 |a Berkó G.  |e aut 
700 0 1 |a Schneider Imre  |e aut 
700 0 1 |a Simon N.  |e aut 
856 4 0 |u http://publicatio.bibl.u-szeged.hu/33913/7/aok_klny_203_74%282%29.pdf  |z Dokumentum-elérés